Statistics for Largest Islands In Europe

Click here to take the quiz!

General Stats

  • This quiz has been taken 63 times
  • The average score is 6 of 10

Answer Stats

Area (km sq)Island% Correct
229,848Great Britain
100%
84,421Ireland
97%
101,826Iceland
93%
25,662Sicily
93%
8,741Corsica
88%
24,099Sardinia
83%
37,673Spitsbergen
18%
47,079Severny Island
5%
14,443Nordaustlandet
3%
33,246Yuzhny Island
3%

Score Distribution

Percentile by Number Answered

Percent of People with Each Score

Your Score History

You have not taken this quiz